Využitie internetu v obchodnej firme bakalárska práca

Enregistré dans:
Détails bibliographiques
Auteur principal: Harviš, Marek
Collectivité auteur: Obchodná fakulta EU. Katedra medzinárodného obchodu
Autres auteurs: Poláček, Marian
Format: Livre
Langue:slovaque
Publié: Bratislava 2009
Tags: Ajouter un tag
Pas de tags, Soyez le premier à ajouter un tag!

MARC

LEADER 00000nam$a2200000$$$4500
001 0103422
005 20240318133937.0
041 0 |a slo 
044 |a SK 
245 1 0 |a Využitie internetu v obchodnej firme  |b bakalárska práca  |c Marek Harviš ; škol. Marián Poláček 
264 1 |a Bratislava  |c 2009 
300 |a 46 s. 
100 1 |a Harviš, Marek 
700 1 |a Poláček, Marian 
710 2 |a Obchodná fakulta EU. Katedra medzinárodného obchodu